MDQL
is popping MORE tags! Check the
thread
!
Quizzes
Events
Quiz Creation
Community
Videos
Private Events
Remove Ads
Sign In
Join for FREE
Feedback
Dark Mode
Quiz Categories
Sports
Geography
Music
Movies
Television
Just For Fun
Miscellaneous
History
Literature
Language
Science
Gaming
Entertainment
Religion
Holiday
For Kids
Quiz Lab
Recent
Popular Today
Quiz Kudos Today
Editor Picks
Curator Picks
Quizzes by...
Day
Popularity
Type
Ratings
Length
Year
Community
Subscriptions
Recent Discussions
Orange Saloon
Badges
Playlists
Quests
Create
Leaderboards
Showdown
Live 5
Trivia Bingo
Activity
Puzzle Library
Sporcle Events
Private Events
Virtual Trivia
Globe League
Become a Host
Pub Owners
SporcleCon
Opinionation
Our Games
Videos
Blog
Mobile Apps
Partnerships
Remove Ads and Go Orange
Feedback
Literature
Harry Potter
A Song of Ice and Fire
The Hunger Games
Literary Character
Shakespeare
Book
Author
Novel
Poem
Young Adult
Children's Books
Play
Lord of the Rings
Literature
Harry Potter
A Song of Ice and Fire
The Hunger Games
Literary Character
Shakespeare
Book
Author
Novel
Poem
Young Adult
Children's Books
Play
Lord of the Rings
Random Quiz
Search Sporcle
×
Quiz Lab
Quiz Lab
Literature
Young Adult
Type in answers that appear in a list
Type in answers that appear in a list
Classic
Best Score? Go Orange.
The Catcher in the Rye test Stats
Can you name the The Catcher in the Rye test?
By
npost
4m
40 Questions
643 Plays
643 Plays
643 Plays
Comments
Comments
Give Quiz Kudos
Give Quiz Kudos
-
- Ratings
hide this ad
No Skip
Answers have to be entered in order without skipping
Answers have to be entered in order without skipping
Wrong Answers
Some wrong answers will appear in red
Some wrong answers will appear in red
Replay
Link that replays current quiz
Next Quiz
Link to next quiz in quiz playlist
You Got
0%
They Got
Avg Score
11%
Avg Friend Score
Upgrade to see
Score Distribution
Jump to the score distribution portion of the page
Score
0/40
Timer
04:00
0
Plays Today
Question
Answer
% Correct
?
???
100%
?
???
96%
?
???
79.8%
?
???
78.5%
?
???
15.7%
?
???
15.2%
?
???
15.2%
?
???
14.6%
?
???
14.5%
?
???
9.5%
?
???
0.5%
?
???
0.5%
?
???
0.2%
?
???
0.2%
?
???
0.2%
?
???
0.2%
?
???
0%
?
???
0%
?
???
0%
?
???
0%
Question
Answer
% Correct
?
???
0%
?
???
0%
?
???
0%
?
???
0%
?
???
0%
?
???
0%
?
???
0%
?
???
0%
?
???
0%
?
???
0%
?
???
0%
?
???
0%
?
???
0%
?
???
0%
?
???
0%
?
???
0%
?
???
0%
?
???
0%
?
???
0%
?
???
0%
Quiz Playlist
Details
Report
Send in Message
Add To Playlist
Classic:
Type in answers that appear in a list
No Skip:
Answers have to be entered in order without skipping
Wrong Answers:
Some wrong answers will appear in red
Last Updated: Feb 16, 2017
Quiz Scoreboard
CHALLENGE
Sign Up to Join the Scoreboard
Show All
Scores
Hide
Comments
May contain spoilers
Recently Published
Two Season TV Shows II
by 123Four
Television
10m
Image Sorting: Flags VI
by Barbecue
Geography
2m
Find the 'City' Movie
by crazypaving
Movies
60s
More to Explore
Quiz From the Vault
Featured Blog Post
14 Easter Pick-up Lines to Find Eggs With
hide this ad
You Might Also Like...
Tags
Young Adult Quiz
Catcher
Rye
test
Today's Top Quizzes in Literature
Browse Literature
hide this ad
Today's Top Quizzes in Young Adult
Browse Young Adult
Top Contributed Quizzes in Literature
1
Sneaky Slytherin Logic Puzzle
2
Criteria Quiz: Harry Potter Deaths
3
Harry Potter logic puzzle: The Hogwarts Soap Opera
4
Weasley Family Reunion: Logic Puzzle
5
Get The Picture: Black or White Literature
6
'Middle' Earth
7
Harry Potter Slytherin Logic Puzzle
8
Logic Puzzle: Avoid Dumbledore's Army
9
ASOIAF Siblings Logic Puzzle
10
The Men of ASOIAF - Logic Puzzle (Hard)
Explore More
Trending Topics
Anime
Marvel
Harry Potter
Crossword
Kpop
NBA
Disney
Pokémon
WWE
Country
Song
NFL
Soccer
The Office
Puzzle
hide this ad
More By:
npost
Quiz
Plays
Rating
Category
Featured
Created
The Catcher in the Rye test
643
1.40
Literature
May 12, 2011
Go to Creator's Profile
Score Distribution
Quiz Creator Spotlight
npost
Follow
Send a Message
Quizzes Created
-
Created Quiz Play Count
-
More By This Creator
Popular Quizzes Today
1
Find the US States - No Outlines Minefield
2
Colored Red Africa Blitz
3
Find the 'City' Movie
4
5x2 Blitz: Bands
5
The Countries of the World
6
Find the Countries of Europe - No Outlines Minefield
7
Find the US States
8
US States
More Literature Quizzes
Novel Titles Taken from Poetry
Published
Trending Quizzes
Colored Red Europe Blitz I
Colored Red Africa Blitz II
Colored Red Europe Blitz II
Colored Red Europe Blitz III
Colored Red Africa Blitz III
Recently Updated
How Do You Spell That?
pecheneg
Godzilla Movies
pecheneg
Grab Bag: 4-10 Letters
pecheneg
2024 March Madness Bracket
pecheneg
Famous TV Couples
Peacemaker
Champions League XIs: Real Madrid
pecheneg
Largest US Cities 1790-2010
pecheneg
Rides in Walt Disney World
pecheneg
Most Oscar Losses (Acting)
pecheneg
Beyoncé Albums
pecheneg
Trending Topics
Kpop
Anime
Disney
Crossword
NBA
Harry Potter
Marvel
NFL
Pokémon
Puzzle
The Office
Country
Soccer
Song
WWE
Your Account Isn't Verified!
In order to create a playlist on Sporcle, you need to verify the email address you used during registration. Go to your
Sporcle Settings
to finish the process.
Report this User
Report this user for behavior that violates our
Community Guidelines
.
Details:
Send Report
Go to the Sporcle.com Mobile Site →
Comments